Catálogo público

Caña de azúcar : (Record no. 220089)

MARC details
000 -CABECERA
campo de control de longitud fija 02163nam a2200433 a 4500
003 - IDENTIFICADOR DEL NÚMERO DE CONTROL
campo de control CHAP
005 - FECHA Y HORA DE LA ÚLTIMA TRANSACCIÓN
campo de control 20240829131551.0
007 - CAMPO FIJO DE DESCRIPCIÓN FÍSICA--INFORMACIÓN GENERAL
campo de control de longitud fija ta
008 - DATOS DE LONGITUD FIJA--INFORMACIÓN GENERAL
campo de control de longitud fija 240816s2013 mx abdofr|||| 001 0 spa d
020 ## - NÚMERO INTERNACIONAL ESTÁNDAR DEL LIBRO
Número Internacional Estándar del Libro 978-607-715-091-6
040 ## - FUENTE DE LA CATALOGACIÓN
Centro catalogador/agencia de origen mxchpua
Centro/agencia transcriptor CHAP
Normas de descripción rda
041 ## - CÓDIGO DE LENGUA
Código de lengua del texto/banda sonora o título independiente spa
Código de lengua del sumario o resumen spa
Código de lengua de la tabla de contenido spa
Código de lengua original spa
050 10 - SIGNATURA TOPOGRÁFICA DE LA BIBLIOTECA DEL CONGRESO
Número de clasificación SB229.M4
Número de documento/Ítem .C33 2013
082 00 - NÚMERO DE LA CLASIFICACIÓN DECIMAL DEWEY
Número de edición 20
Número de clasificación 633.61
Número de documento/Ítem C33 2013
245 10 - MENCIÓN DE TÍTULO
Título Caña de azúcar :
Resto del título producción sustentable /
Mención de responsabilidad, etc. Sergio Salgado García, Luz del C. Lagunes Espinoza, Roberto Nuñez Escobar, Carlos F. Ortiz García, Lauro Bucio Alanís y Emilio M. Aranda Ibañez
250 ## - MENCIÓN DE EDICIÓN
Mención de edición 1a edición
264 ## - PRODUCCIÓN, PUBLICACIÓN, DISTRIBUCIÓN, FABRICACIÓN Y COPYRIGHT
Producción, publicación, distribución, fabricación y copyright México :
Nombre del de productor, editor, distribuidor, fabricante Colegio de Postgraduados,
Fecha de producción, publicación, distribución, fabricación o copyright 2013
300 ## - DESCRIPCIÓN FÍSICA
Extensión xxiii, 524 páginas :
Otras características físicas ilustraciones, mapas, gráficas, diagramas, tablas, fotos
336 ## - TIPO DE CONTENIDO
Fuente rdacontent
Término de tipo de contenido texto
Código de tipo de contenido txt
337 ## - TIPO DE MEDIO
Fuente rdamedia
Nombre/término del tipo de medio sin medio
Código del tipo de medio n
338 ## - TIPO DE SOPORTE
Fuente rdacarrier
Nombre/término del tipo de soporte volumen
Código del tipo de soporte nc
490 1# - MENCIÓN DE SERIE
Mención de serie Biblioteca Básica de Agricultura (Colegio de Postgraduados)
Designación de volumen o secuencia 39
504 ## - NOTA DE BIBLIOGRAFÍA, ETC.
Nota de bibliografía, etc. Incluye bibliografías
520 ## - SUMARIO, ETC.
Sumario, etc. La Caña de azúcar (Saccharum officinarum) es una planta originaria de Guinea, de donde se expandió a toda Asia. Los árabes la trasladaron a Siria, Palestina, Arabia y Egipto, de donde se extendió a África. Al descubrimiento de América, Colón la llevo a las islas del Caribe, de donde pasó a América Tropical. A México llegó con la conquista, instalándose los primeros ingenios azucareros en nuestras regiones cálidas.
650 17 - PUNTO DE ACCESO ADICIONAL DE MATERIA--TÉRMINO DE MATERIA
Término de materia o nombre geográfico como elemento de entrada Caña de azúcar
Fuente del encabezamiento o término atg
9 (RLIN) 18571
650 12 - PUNTO DE ACCESO ADICIONAL DE MATERIA--TÉRMINO DE MATERIA
Término de materia o nombre geográfico como elemento de entrada Caña de azúcar
Subdivisión general Cultivo
Fuente del encabezamiento o término atg
9 (RLIN) 136648
650 13 - PUNTO DE ACCESO ADICIONAL DE MATERIA--TÉRMINO DE MATERIA
Término de materia o nombre geográfico como elemento de entrada Industria azucarera
Fuente del encabezamiento o término atg
9 (RLIN) 57780
650 10 - PUNTO DE ACCESO ADICIONAL DE MATERIA--TÉRMINO DE MATERIA
Término de materia o nombre geográfico como elemento de entrada Sugarcane
9 (RLIN) 152878
650 13 - PUNTO DE ACCESO ADICIONAL DE MATERIA--TÉRMINO DE MATERIA
Término de materia o nombre geográfico como elemento de entrada Sugar cane
Subdivisión general Crops
Fuente del encabezamiento o término atg
9 (RLIN) 189447
650 13 - PUNTO DE ACCESO ADICIONAL DE MATERIA--TÉRMINO DE MATERIA
Término de materia o nombre geográfico como elemento de entrada Sugar industry
Fuente del encabezamiento o término atg
9 (RLIN) 151278
700 1# - PUNTO DE ACCESO ADICIONAL--NOMBRE DE PERSONA
Nombre de persona Salgado García, Sergio
9 (RLIN) 101585
Término indicativo de función/relación autor
700 1# - PUNTO DE ACCESO ADICIONAL--NOMBRE DE PERSONA
Nombre de persona Lagunes Espinoza, Luz del Carmen
9 (RLIN) 64463
Término indicativo de función/relación autora
700 1# - PUNTO DE ACCESO ADICIONAL--NOMBRE DE PERSONA
Nombre de persona Núñez Escobar, Roberto
9 (RLIN) 81932
Término indicativo de función/relación autor
700 1# - PUNTO DE ACCESO ADICIONAL--NOMBRE DE PERSONA
Nombre de persona Ortiz García, Carlos Fredy
9 (RLIN) 83972
Término indicativo de función/relación autor
700 1# - PUNTO DE ACCESO ADICIONAL--NOMBRE DE PERSONA
Nombre de persona Bucio Alanis, Lauro
9 (RLIN) 15888
Término indicativo de función/relación autor
700 1# - PUNTO DE ACCESO ADICIONAL--NOMBRE DE PERSONA
Nombre de persona Aranda Ibáñez, Emilio M.
9 (RLIN) 189448
Término indicativo de función/relación autor
830 #0 - PUNTO DE ACCESO ADICIONAL DE SERIE-TÍTULO UNIFORME
Título uniforme Biblioteca Básica de Agricultura (Colegio de Postgraduados)
9 (RLIN) 186443
Designación de volumen o secuencia 39
942 ## - ELEMENTOS DE PUNTO DE ACCESO ADICIONAL (KOHA)
Fuente del sistema de clasificación o colocación Dewey Decimal Classification
Tipo de ítem Koha Libro
Holdings
Estado de retiro Estado de pérdida Fuente del sistema de clasificación o colocación Estado dañado Restricciones de uso No para préstamo Código de colección Localización permanente Ubicación/localización actual Fecha de adquisición Fuente de adquisición Número de inventario Total de préstamos Signatura topográfica completa Código de barras Fecha visto por última vez Número de copia Precio válido a partir de Tipo de ítem Koha Renovaciones totales Fecha del último préstamo
    Dewey Decimal Classification   Préstamo interno   General Ingenieria Agroindustrial Ingenieria Agroindustrial 13/08/2024 Compra Librería UACh F. 44041 C/e   633.61 C33 2013 1102015016 16/08/2024 Ej. 1 16/08/2024 Libro    
    Dewey Decimal Classification   Préstamo 5 días   General Ingenieria Agroindustrial Ingenieria Agroindustrial 13/08/2024 Compra Librería UACh F. 44041 C/e 3 633.61 C33 2013 1102015017 10/12/2024 Ej. 2 16/08/2024 Libro 3 02/12/2024
    Dewey Decimal Classification   Préstamo 5 días   General Ingenieria Agroindustrial Ingenieria Agroindustrial 13/08/2024 Compra Librería UACh F. 44041 C/e 1 633.61 C33 2013 1102015018 21/08/2024 Ej. 3 16/08/2024 Libro   21/08/2024